000 00701nam a2200205Ii 4500
003 JO-AjNU
008 230605s9999||||xx |||||||||||||| ||und||
017 _a2002/1/109
040 _aJO-AjNU
_bara
_erda
_cJO-AjNU
041 _aara
050 1 4 _aHD5713.D32.2002
100 3 _aالدعمة، ابراهيم,
_eauthor
_945427
245 0 0 _aالتنمية البشرية والنمو الاقتصادي
264 3 1 _aعمان:دار الفكر للنشر والتوزيع،2002
300 _a256ص
336 _atext
_btxt
_2rdacontent
337 _aunmediated
_bn
_2rdamedia
338 _avolume
_bnc
_2rdacarrier
650 4 _aالتنمية الاقتصادية-الطاقة البشرية
_945428
999 _aA19691
_c23259
_d23259